Diccionario de filosofía

Saved in:
Bibliographic Details
Main Author: Brugger, Walter (Author)
Format: Book
Language:Spanish
Published: Barcelona Herder 1995
Edition:13a. ed
Subjects:
Tags: Add Tag
No Tags, Be the first to tag this record!

MARC

LEADER 00000nam a2200000 a 4500
001 UCI6458
003 CL-VaPUC
008 080509e19950000SP |||||||||||||||||spa|d
020 |a 8425407222 
082 0 4 |a 103  |b BRU  |2 21 
100 0 |a Brugger, Walter  |e author  |9 529393 
245 1 0 |a Diccionario de filosofía 
250 |a 13a. ed 
300 |a 734 p 
942 |c BK 
945 |d 20080509 00:00:00  |a cmena 
260 |a Barcelona  |b Herder  |c 1995 
650 0 |a Filosofía   |9 223554 
650 0 |a Diccionarios  |9 256200 
650 0 |a Español  |9 255372 
583 |a last modification  |c 20160824 03:09:23  |k Rodrigo Vera 
999 |c 329969  |d 329967 
952 |0 0  |1 0  |4 0  |6 103_000000000000000_BRU_1995  |7 0  |8 ?  |9 415224  |a BIBEDU  |b BIBEDU  |d 2019-11-22  |i 2109336  |o 103 BRU 1995  |p 2109336  |r 2019-11-22  |w 2019-11-22  |y BK  |k FIL